000 01035nam a22003257a 4500
003 CHAP
005 20220329133343.0
008 971013s1982 r 00010 d
010 _a5329
011 _a6301
035 _a5521
040 _cCHAP
090 _aFolleto 13767
110 _aUniversidad de Guadalajara. Ciencias Médico Biológicas
_9116423
245 _aCinco investigaciones en agricultura
260 _aGuadalajara, Jal. :
_bLa Universidad,
_c1982
300 _a49 p.
_b: ilus.
490 _aCuadernos de divulgación
_v; 10
500 _a56-289
590 _aBATCH-UPD
_b10
_c20130110
_lUCH01
_h1609
590 _aBATCH-UPD
_b10
_c20130410
_lUCH01
_h1005
590 _aBATCH-UPD
_b10
_c20130914
_lUCH01
_h1108
590 _aBATCH-UPD
_b10
_c20140805
_lUCH01
_h1143
590 _aCONVERSION
_b10
_c20130109
_lUCH01
_h1304
650 1 4 _aAgricultura
_xInvestigación.
_91577
830 0 _aCuadernos de divulgación
_v; 10
_929767
901 _aBK
942 _cFOLL
949 _aFolleto 13767
_bBC
_cFOLL
_d-15107
_eTS1
_i5521
_si
999 _c5329
_d5329